[Event "Stay Safe Play From Home 313"]
[Site "Emanuel Lasker Arena"]
[Date "2020.07.19"]
[Round "1"]
[White "Rogan"]
[Black "Buzaglo"]
[Result "1-0"]
[WhiteElo "2214"]
[BlackElo "1881"]
[PlyCount "77"]
[EventDate "2020.07.19"]
[EventType "swiss (blitz)"]

1. d4 {[%emt 0:00:03]} e6 {[%emt 0:00:00]} 2. c3 {[%emt 0:00:02]} d5 {[%emt 0:00:00]} 3. Nf3 {[%emt 0:00:01]} Nf6 {[%emt 0:00:00]} 4. Bg5 {[%emt 0:00:01]} c5 {[%emt 0:00:00]} 5. e3 {[%emt 0:00:00]} Be7 {[%emt 0:00:01]} 6. Bd3 {[%emt 0:00:00]} cxd4 {[%emt 0:00:00]} 7. exd4 {[%emt 0:00:01]} h6 {[%emt 0:00:00]} 8. Bh4 {[%emt 0:00:01]} Nc6 {[%emt 0:00:00]} 9. O-O {[%emt 0:00:00]} Ne4 {[%emt 0:00:02]} 10. Bxe7 {[%emt 0:00:01]} Qxe7 {[%emt 0:00:00]} 11. Re1 {[%emt 0:00:00]} Nf6 {[%emt 0:00:02]} 12. Nbd2 {[%emt 0:00:01]} O-O {[%emt 0:00:01]} 13. Ne5 {[%emt 0:00:00]} Nxe5 {[%emt 0:00:01]} 14. dxe5 {[%emt 0:00:00]} Nd7 {[%emt 0:00:00]} 15. f4 {[%emt 0:00:01]} Qc5+ {[%emt 0:00:02]} 16. Kh1 {[%emt 0:00:01]} Rd8 {[%emt 0:00:02]} 17. Nf3 {[%emt 0:00:02]} Nf8 {[%emt 0:00:01]} 18. Bc2 {[%emt 0:00:01]} f5 {[%emt 0:00:01]} 19. exf6 {[%emt 0:00:01]} gxf6 {[%emt 0:00:07]} 20. Qd3 {[%emt 0:00:00]} f5 {[%emt 0:00:01]} 21. Ne5 {[%emt 0:00:01]} Qe7 {[%emt 0:00:02]} 22. Re3 {[%emt 0:00:01]} Kh7 {[%emt 0:00:02]} 23. Rg3 {[%emt 0:00:00]} Ng6 {[%emt 0:00:01]} 24. Nxg6 {[%emt 0:00:01]} Qf7 {[%emt 0:00:01]} 25. Ne5 {[%emt 0:00:03]} Qf8 {[%emt 0:00:01]} 26. Qf3 {[%emt 0:00:00]} Bd7 {[%emt 0:00:01]} 27. Qh5 {[%emt 0:00:01]} Be8 {[%emt 0:00:00]} 28. Rg6 {[%emt 0:00:02]} Bxg6 {[%emt 0:00:01]} 29. Qxg6+ {[%emt 0:00:01]} Kh8 {[%emt 0:00:00]} 30. Nf7+ {[%emt 0:00:02]} Qxf7 {[%emt 0:00:02]} 31. Qxf7 {[%emt 0:00:00]} Rg8 {[%emt 0:00:01]} 32. Qxe6 {[%emt 0:00:02]} Rg7 {[%emt 0:00:00]} 33. Qxh6+ {[%emt 0:00:02]} Rh7 {[%emt 0:00:02]} 34. Qf6+ {[%emt 0:00:02]} Kg8 {[%emt 0:00:00]} 35. Bxf5 {[%emt 0:00:02]} Rg7 {[%emt 0:00:00]} 36. Be6+ {[%emt 0:00:02]} Kh8 {[%emt 0:00:01]} 37. Re1 {[%emt 0:00:03]} Re8 {[%emt 0:00:01]} 38. Re5 {[%emt 0:00:02]} Kh7 {[%emt 0:00:05]} 39. Rh5# {[%emt 0:00:01] (Lag: Av=0.44s, max=0.8s)} 1-0

[Event "Stay Safe Play From Home 313"]
[Site "Emanuel Lasker Arena"]
[Date "2020.07.19"]
[Round "1"]
[White "Bardellosport"]
[Black "Tumnik_ad"]
[Result "1-0"]
[WhiteElo "2005"]
[BlackElo "1984"]
[PlyCount "73"]
[EventDate "2020.07.19"]
[EventType "swiss (blitz)"]

1. d4 {[%emt 0:00:01]} e6 {[%emt 0:00:40]} 2. e3 {[%emt 0:00:00]} b6 {[%emt 0:00:00]} 3. f4 {[%emt 0:00:04]} Bb7 {[%emt 0:00:00]} 4. Nf3 {[%emt 0:00:01]} Nf6 {[%emt 0:00:00]} 5. Bd3 {[%emt 0:00:01]} Bd6 {[%emt 0:00:00]} 6. Qe2 {[%emt 0:00:01]} Ne4 {[%emt 0:00:00]} 7. Nbd2 {[%emt 0:00:01]} Nxd2 {[%emt 0:00:01]} 8. Bxd2 {[%emt 0:00:01]} f5 {[%emt 0:00:00]} 9. Ne5 {[%emt 0:00:01]} O-O {[%emt 0:00:00]} 10. O-O {[%emt 0:00:01]} Bxe5 {[%emt 0:00:00]} 11. fxe5 {[%emt 0:00:01]} Nc6 {[%emt 0:00:00]} 12. e4 {[%emt 0:00:00]} Ne7 {[%emt 0:00:01]} 13. exf5 {[%emt 0:00:01]} Nxf5 {[%emt 0:00:00]} 14. Bxf5 {[%emt 0:00:01]} Rxf5 {[%emt 0:00:00]} 15. c3 {[%emt 0:00:00]} Rxf1+ {[%emt 0:00:01]} 16. Rxf1 {[%emt 0:00:00]} Qe7 {[%emt 0:00:00]} 17. Qg4 {[%emt 0:00:01]} Rf8 {[%emt 0:00:00]} 18. Re1 {[%emt 0:00:01]} Rf5 {[%emt 0:00:01]} 19. Bh6 {[%emt 0:00:01]} Qf7 {[%emt 0:00:02]} 20. Bd2 {[%emt 0:00:02]} Ba6 {[%emt 0:00:01]} 21. h3 {[%emt 0:00:01]} Rf1+ {[%emt 0:00:01]} 22. Rxf1 {[%emt 0:00:01]} Qxf1+ {[%emt 0:00:00]} 23. Kh2 {[%emt 0:00:00]} Qf5 {[%emt 0:00:00]} 24. Qxf5 {[%emt 0:00:01]} exf5 {[%emt 0:00:00]} 25. Kg3 {[%emt 0:00:00]} Bc4 {[%emt 0:00:00]} 26. Kf4 {[%emt 0:00:00]} Be6 {[%emt 0:00:00]} 27. g4 {[%emt 0:00:01]} fxg4 {[%emt 0:00:01]} 28. hxg4 {[%emt 0:00:01]} Bxa2 {[%emt 0:00:00]} 29. b3 {[%emt 0:00:01]} Bxb3 {[%emt 0:00:01]} 30. e6 {[%emt 0:00:02]} Bd5 {[%emt 0:00:00]} 31. exd7 {[%emt 0:00:00]} Be6 {[%emt 0:00:01]} 32. d8=Q+ {[%emt 0:00:00]} Kf7 {[%emt 0:00:01]} 33. Qxc7+ {[%emt 0:00:00]} Kg6 {[%emt 0:00:00]} 34. Qxa7 {[%emt 0:00:00]} Bf7 {[%emt 0:00:00]} 35. Qxb6+ {[%emt 0:00:00]} Be6 {[%emt 0:00:02]} 36. Qc5 {[%emt 0:00:00]} Kf7 {[%emt 0:00:01]} 37. Qg5 {[%emt 0:00:00] Âðåìÿ (Lag: Av=0.35s, max=1.0s)} 1-0

[Event "Stay Safe Play From Home 313"]
[Site "Emanuel Lasker Arena"]
[Date "2020.07.19"]
[Round "1"]
[White "NeatFox"]
[Black "AChessPlayer"]
[Result "0-1"]
[WhiteElo "1868"]
[BlackElo "2423"]
[PlyCount "146"]
[EventDate "2020.07.19"]
[EventType "swiss (blitz)"]

1. g4 {[%emt 0:00:00]} d5 {[%emt 0:00:02]} 2. Bg2 {[%emt 0:00:00]} c6 {[%emt 0:00:01]} 3. c4 {[%emt 0:00:00]} dxc4 {[%emt 0:00:01]} 4. Qa4 {[%emt 0:00:01]} Bxg4 {[%emt 0:00:01]} 5. Qxc4 {[%emt 0:00:00]} Bc8 {[%emt 0:00:01]} 6. Qb3 {[%emt 0:00:01]} Nf6 {[%emt 0:00:00]} 7. Nf3 {[%emt 0:00:01]} Nbd7 {[%emt 0:00:00]} 8. Nc3 {[%emt 0:00:01]} Nc5 {[%emt 0:00:01]} 9. Qd1 {[%emt 0:00:01]} Bg4 {[%emt 0:00:01]} 10. d4 {[%emt 0:00:01]} Nce4 {[%emt 0:00:01]} 11. Nxe4 {[%emt 0:00:02]} Nxe4 {[%emt 0:00:00]} 12. Qb3 {[%emt 0:00:01]} Qb6 {[%emt 0:00:01]} 13. Qxb6 {[%emt 0:00:01]} axb6 {[%emt 0:00:00]} 14. Ne5 {[%emt 0:00:01]} Bf5 {[%emt 0:00:01]} 15. Nc4 {[%emt 0:00:01]} b5 {[%emt 0:00:02]} 16. Ne3 {[%emt 0:00:01]} Bg6 {[%emt 0:00:01]} 17. b3 {[%emt 0:00:01]} e6 {[%emt 0:00:01]} 18. Bb2 {[%emt 0:00:01]} Bb4+ {[%emt 0:00:01]} 19. Kf1 {[%emt 0:00:01]} O-O {[%emt 0:00:03]} 20. Ng4 {[%emt 0:00:01]} f6 {[%emt 0:00:02]} 21. e3 {[%emt 0:00:01]} Nd2+ {[%emt 0:00:01]} 22. Ke2 {[%emt 0:00:02]} Ne4 {[%emt 0:00:00]} 23. f3 {[%emt 0:00:02]} Nc3+ {[%emt 0:00:01]} 24. Kf1 {[%emt 0:00:03]} Nxa2 {[%emt 0:00:03]} 25. Kf2 {[%emt 0:00:06]} Nc3 {[%emt 0:00:01]} 26. Kg3 {[%emt 0:00:01]} Nd5 {[%emt 0:00:02]} 27. Nf2 {[%emt 0:00:01]} Bc3 {[%emt 0:00:01]} 28. Bxc3 {[%emt 0:00:01]} Nxc3 {[%emt 0:00:00]} 29. Rac1 {[%emt 0:00:02]} Ne2+ {[%emt 0:00:01]} 30. Kh3 {[%emt 0:00:02]} Bf5+ {[%emt 0:00:00]} 31. Ng4 {[%emt 0:00:02]} Nxc1 {[%emt 0:00:01]} 32. Rxc1 {[%emt 0:00:01]} h5 {[%emt 0:00:00]} 33. e4 {[%emt 0:00:00]} hxg4+ {[%emt 0:00:00]} 34. fxg4 {[%emt 0:00:00]} Bg6 {[%emt 0:00:00]} 35. Rd1 {[%emt 0:00:02]} Rad8 {[%emt 0:00:02]} 36. Rd2 {[%emt 0:00:01]} Rd7 {[%emt 0:00:03]} 37. g5 {[%emt 0:00:02]} Rfd8 {[%emt 0:00:01]} 38. gxf6 {[%emt 0:00:01]} gxf6 {[%emt 0:00:00]} 39. d5 {[%emt 0:00:01]} cxd5 {[%emt 0:00:01]} 40. exd5 {[%emt 0:00:00]} exd5 {[%emt 0:00:00]} 41. Rf2 {[%emt 0:00:01]} Kf7 {[%emt 0:00:01]} 42. Rd2 {[%emt 0:00:01]} Rh8+ {[%emt 0:00:00]} 43. Kg3 {[%emt 0:00:01]} Ke7 {[%emt 0:00:01]} 44. h4 {[%emt 0:00:01]} Be4 {[%emt 0:00:00]} 45. Bh3 {[%emt 0:00:01]} f5 {[%emt 0:00:01]} 46. Kf4 {[%emt 0:00:00]} Rdd8 {[%emt 0:00:00]} 47. Bxf5 {[%emt 0:00:01]} Bxf5 {[%emt 0:00:01]} 48. Kxf5 {[%emt 0:00:00]} Rdg8 {[%emt 0:00:01]} 49. Ke5 {[%emt 0:00:00]} Rh5+ {[%emt 0:00:01]} 50. Kd4 {[%emt 0:00:01]} Rg4+ {[%emt 0:00:01]} 51. Kc5 {[%emt 0:00:00]} d4+ {[%emt 0:00:00]} 52. Kb6 {[%emt 0:00:00]} d3 {[%emt 0:00:00]} 53. Kxb7 {[%emt 0:00:00]} Rg6 {[%emt 0:00:00]} 54. Rxd3 {[%emt 0:00:01]} Kf8 {[%emt 0:00:00]} 55. Rd7 {[%emt 0:00:01]} Rg7 {[%emt 0:00:01]} 56. Rxg7 {[%emt 0:00:01]} Kxg7 {[%emt 0:00:00]} 57. Kb6 {[%emt 0:00:00]} Rxh4 {[%emt 0:00:00]} 58. Kxb5 {[%emt 0:00:00]} Rh5+ {[%emt 0:00:00]} 59. Kc4 {[%emt 0:00:00]} Kf7 {[%emt 0:00:00]} 60. b4 {[%emt 0:00:01]} Ke7 {[%emt 0:00:00]} 61. b5 {[%emt 0:00:00]} Kd7 {[%emt 0:00:00]} 62. Kb4 {[%emt 0:00:00]} Kc7 {[%emt 0:00:00]} 63. Ka5 {[%emt 0:00:00]} Kb7 {[%emt 0:00:00]} 64. Kb4 {[%emt 0:00:01]} Kb6 {[%emt 0:00:01]} 65. Kc4 {[%emt 0:00:00]} Rxb5 {[%emt 0:00:00]} 66. Kd4 {[%emt 0:00:00]} Rc5 {[%emt 0:00:00]} 67. Ke4 {[%emt 0:00:01]} Kc6 {[%emt 0:00:00]} 68. Kd4 {[%emt 0:00:00]} Kd6 {[%emt 0:00:00]} 69. Ke4 {[%emt 0:00:00]} Rd5 {[%emt 0:00:00]} 70. Ke3 {[%emt 0:00:01]} Kc5 {[%emt 0:00:00]} 71. Ke4 {[%emt 0:00:00]} Kc4 {[%emt 0:00:00]} 72. Ke3 {[%emt 0:00:00]} Rd4 {[%emt 0:00:00]} 73. Kf3 {[%emt 0:00:01]} Kd3 {[%emt 0:00:00] Zeit (Lag: Av=0.69s, max=1.9s)} 0-1

[Event "Stay Safe Play From Home 313"]
[Site "Emanuel Lasker Arena"]
[Date "2020.07.19"]
[Round "1"]
[White "GIULIO19031975"]
[Black "SoulofWolf"]
[Result "0-1"]
[WhiteElo "1798"]
[BlackElo "2223"]
[Annotator "NA"]
[PlyCount "102"]
[EventDate "2020.07.19"]
[EventType "swiss (blitz)"]

1. e4 {[%emt 0:00:03]} c5 {[%emt 0:00:00]} 2. Nf3 {[%emt 0:00:01]} e6 {[%emt 0:00:00]} 3. Nc3 {[%emt 0:00:01]} a6 {[%emt 0:00:00]} 4. d4 {[%emt 0:00:01]} cxd4 {[%emt 0:00:00]} 5. Nxd4 {[%emt 0:00:01]} b5 {[%emt 0:00:00]} 6. Be2 {[%emt 0:00:01]} Bb7 {[%emt 0:00:00]} 7. O-O {[%emt 0:00:01]} Bc5 {[%emt 0:00:00]} 8. Be3 {[%emt 0:00:01]} Qb6 {[%emt 0:00:01]} 9. Qd2 {[%emt 0:00:02]} Nf6 {[%emt 0:00:01]} 10. Nb3 {[%emt 0:00:01]} Bxe3 {[%emt 0:00:01]} 11. fxe3 {[%emt 0:00:01]} Nxe4 {[%emt 0:00:03]} 12. Nxe4 {[%emt 0:00:01]} Bxe4 {[%emt 0:00:00]} 13. Bd3 {[%emt 0:00:01]} Bxd3 {[%emt 0:00:01]} 14. cxd3 {[%emt 0:00:01]} O-O {[%emt 0:00:01]} 15. d4 {[%emt 0:00:01]} d5 {[%emt 0:00:01]} 16. Nc5 {[%emt 0:00:01]} Qd6 {[%emt 0:00:01]} 17. Rac1 {[%emt 0:00:01]} Ra7 {[%emt 0:00:00]} 18. b4 {[%emt 0:00:01]} Nd7 {[%emt 0:00:01]} 19. Qf2 {[%emt 0:00:01]} Nf6 {[%emt 0:00:02]} 20. Qh4 {[%emt 0:00:02]} a5 {[%emt 0:00:01]} 21. a3 {[%emt 0:00:01]} axb4 {[%emt 0:00:01]} 22. axb4 {[%emt 0:00:01]} e5 {[%emt 0:00:02]} 23. dxe5 {[%emt 0:00:03]} Qxe5 {[%emt 0:00:01]} 24. Rce1 {[%emt 0:00:02]} Re7 {[%emt 0:00:01]} 25. Qf2 {[%emt 0:00:04]} Ne4 {[%emt 0:00:02]} 26. Nxe4 {[%emt 0:00:02]} dxe4 {[%emt 0:00:00]} 27. Kh1 {[%emt 0:00:01]} f6 {[%emt 0:00:02]} 28. Qe2 {[%emt 0:00:01]} Rd7 {[%emt 0:00:02]} 29. Rc1 {[%emt 0:00:01]} Rd3 {[%emt 0:00:01]} 30. Rc5 {[%emt 0:00:01]} Rd5 {[%emt 0:00:04]} 31. Rfc1 {[%emt 0:00:02]} Rfd8 {[%emt 0:00:01]} 32. Rc7 {[%emt 0:00:02]} Qd6 {[%emt 0:00:03]} 33. g3 {[%emt 0:00:01]} Rd1+ {[%emt 0:00:01]} 34. Rxd1 {[%emt 0:00:02]} Qxd1+ {[%emt 0:00:00]} 35. Qxd1 {[%emt 0:00:01]} Rxd1+ {[%emt 0:00:00]} 36. Kg2 {[%emt 0:00:01]} Rb1 {[%emt 0:00:01]} 37. Rb7 {[%emt 0:00:02]} Rxb4 {[%emt 0:00:01]} 38. Kh3 {[%emt 0:00:00]} h6 {[%emt 0:00:01]} 39. Kg4 {[%emt 0:00:00]} Kh7 {[%emt 0:00:00]} 40. Kf4 {[%emt 0:00:00]} h5 {[%emt 0:00:04]} 41. h4 {[%emt 0:00:00]} Kg6 {[%emt 0:00:01]} 42. Rb6 {[%emt 0:00:02]} Kh7 {[%emt 0:00:02]} 43. g4 {[%emt 0:00:01]} hxg4 {[%emt 0:00:01]} 44. Kxg4 {[%emt 0:00:01]} Rb3 {[%emt 0:00:01]} 45. Kf4 {[%emt 0:00:01]} Rb4 {[%emt 0:00:01]} 46. Kf5 {[%emt 0:00:01]} Rc4 {[%emt 0:00:01]} 47. h5 {[%emt 0:00:01]} b4 {[%emt 0:00:01]} 48. Rb5 {[%emt 0:00:02]} b3 {[%emt 0:00:01]} 49. Kf4 {[%emt 0:00:00]} Rc3 {[%emt 0:00:01]} 50. Rxb3 {[%emt 0:00:00]} Rxb3 {[%emt 0:00:01]} 51. Kxe4 {[%emt 0:00:00]} Rb5 {[%emt 0:00:01] Tempo (Lag: Av=0.42s, max=0.9s)} 0-1

[Event "Stay Safe Play From Home 313"]
[Site "Emanuel Lasker Arena"]
[Date "2020.07.19"]
[Round "1"]
[White "Trotsky"]
[Black "Haxhi Baha"]
[Result "1-0"]
[WhiteElo "1565"]
[BlackElo "1944"]
[PlyCount "47"]
[EventDate "2020.07.19"]
[EventType "swiss (blitz)"]

1. d4 {[%emt 0:00:02]} d5 {[%emt 0:00:01]} 2. e3 {[%emt 0:00:00]} e6 {[%emt 0:00:01]} 3. c4 {[%emt 0:00:01]} c6 {[%emt 0:00:01]} 4. Nc3 {[%emt 0:00:01]} Nf6 {[%emt 0:00:00]} 5. Nf3 {[%emt 0:00:01]} Bd6 {[%emt 0:00:00]} 6. Qc2 {[%emt 0:00:01]} O-O {[%emt 0:00:01]} 7. c5 {[%emt 0:00:00]} Bc7 {[%emt 0:00:01]} 8. Bd3 {[%emt 0:00:02]} b6 {[%emt 0:00:01]} 9. Ng5 {[%emt 0:00:01]} h6 {[%emt 0:00:01]} 10. h4 {[%emt 0:00:02]} bxc5 {[%emt 0:00:01]} 11. Bd2 {[%emt 0:00:02]} c4 {[%emt 0:00:02]} 12. Bh7+ {[%emt 0:00:03]} Kh8 {[%emt 0:00:01]} 13. e4 {[%emt 0:00:01]} dxe4 {[%emt 0:00:12]} 14. Bxe4 {[%emt 0:00:03]} Bb7 {[%emt 0:00:03]} 15. Bg6 {[%emt 0:00:07]} Qxd4 {[%emt 0:00:03]} 16. O-O-O {[%emt 0:00:05]} Na6 {[%emt 0:00:08]} 17. a3 {[%emt 0:00:03]} Bf4 {[%emt 0:00:02]} 18. Bxf4 {[%emt 0:00:06]} Qxf4+ {[%emt 0:00:00]} 19. Kb1 {[%emt 0:00:01]} Nc5 {[%emt 0:00:03]} 20. g3 {[%emt 0:00:03]} Qg4 {[%emt 0:00:07]} 21. Nce4 {[%emt 0:00:03]} Ncxe4 {[%emt 0:00:02]} 22. Bxe4 {[%emt 0:00:01]} Nxe4 {[%emt 0:00:07]} 23. Nxe4 {[%emt 0:00:02]} c5 {[%emt 0:00:01]} 24. f3 {[%emt 0:00:02] Time (Lag: Av=0.77s, max=1.4s) '} 1-0

[Event "Stay Safe Play From Home 313"]
[Site "Emanuel Lasker Arena"]
[Date "2020.07.19"]
[Round "2"]
[White "AChessPlayer"]
[Black "Bardellosport"]
[Result "1-0"]
[WhiteElo "2424"]
[BlackElo "2021"]
[PlyCount "113"]
[EventDate "2020.07.19"]
[EventType "swiss (blitz)"]

1. Nf3 {[%emt 0:00:02]} d5 {[%emt 0:00:00]} 2. g3 {[%emt 0:00:00]} c6 {[%emt 0:00:00]} 3. Bg2 {[%emt 0:00:00]} e6 {[%emt 0:00:00]} 4. O-O {[%emt 0:00:00]} f5 {[%emt 0:00:00]} 5. d3 {[%emt 0:00:00]} Nf6 {[%emt 0:00:00]} 6. Nbd2 {[%emt 0:00:00]} Bc5 {[%emt 0:00:01]} 7. e4 {[%emt 0:00:00]} O-O {[%emt 0:00:01]} 8. e5 {[%emt 0:00:01]} Nfd7 {[%emt 0:00:02]} 9. d4 {[%emt 0:00:00]} Bb6 {[%emt 0:00:01]} 10. c4 {[%emt 0:00:00]} Bc7 {[%emt 0:00:01]} 11. b3 {[%emt 0:00:02]} Qe7 {[%emt 0:00:01]} 12. Bb2 {[%emt 0:00:00]} b6 {[%emt 0:00:01]} 13. Re1 {[%emt 0:00:00]} Bb7 {[%emt 0:00:01]} 14. Rc1 {[%emt 0:00:00]} c5 {[%emt 0:00:01]} 15. cxd5 {[%emt 0:00:01]} exd5 {[%emt 0:00:01]} 16. dxc5 {[%emt 0:00:01]} Nxc5 {[%emt 0:00:00]} 17. Nd4 {[%emt 0:00:02]} Nd3 {[%emt 0:00:01]} 18. Ba1 {[%emt 0:00:02]} Nxe1 {[%emt 0:00:01]} 19. Qxe1 {[%emt 0:00:01]} Qxe5 {[%emt 0:00:02]} 20. Qd1 {[%emt 0:00:02]} Qf6 {[%emt 0:00:02]} 21. N2f3 {[%emt 0:00:00]} Be5 {[%emt 0:00:03]} 22. Nxe5 {[%emt 0:00:02]} Qxe5 {[%emt 0:00:00]} 23. Nb5 {[%emt 0:00:02]} Qe6 {[%emt 0:00:03]} 24. Nc7 {[%emt 0:00:01]} Qd7 {[%emt 0:00:01]} 25. Nxa8 {[%emt 0:00:02]} Bxa8 {[%emt 0:00:00]} 26. Qd4 {[%emt 0:00:01]} Nc6 {[%emt 0:00:01]} 27. Qxd5+ {[%emt 0:00:03]} Qxd5 {[%emt 0:00:00]} 28. Bxd5+ {[%emt 0:00:00]} Kh8 {[%emt 0:00:03]} 29. Bb2 {[%emt 0:00:02]} Nb4 {[%emt 0:00:03]} 30. Bxa8 {[%emt 0:00:01]} Rxa8 {[%emt 0:00:00]} 31. Rc7 {[%emt 0:00:02]} Rg8 {[%emt 0:00:05]} 32. a3 {[%emt 0:00:00]} Nd3 {[%emt 0:00:01]} 33. Bd4 {[%emt 0:00:01]} h6 {[%emt 0:00:01]} 34. Rxa7 {[%emt 0:00:01]} Kh7 {[%emt 0:00:00]} 35. b4 {[%emt 0:00:01]} Rd8 {[%emt 0:00:00]} 36. Rxg7+ {[%emt 0:00:02]} Kh8 {[%emt 0:00:03]} 37. Bc3 {[%emt 0:00:00]} Ne1 {[%emt 0:00:03]} 38. Re7+ {[%emt 0:00:02]} Kg8 {[%emt 0:00:01]} 39. Rxe1 {[%emt 0:00:01]} Rd3 {[%emt 0:00:01]} 40. Be5 {[%emt 0:00:00]} Kf7 {[%emt 0:00:01]} 41. Bf4 {[%emt 0:00:00]} Kg6 {[%emt 0:00:00]} 42. Re3 {[%emt 0:00:01]} Rd1+ {[%emt 0:00:01]} 43. Kg2 {[%emt 0:00:00]} Rd5 {[%emt 0:00:00]} 44. Re6+ {[%emt 0:00:01]} Kf7 {[%emt 0:00:01]} 45. Rxb6 {[%emt 0:00:01]} Rd3 {[%emt 0:00:01]} 46. Rxh6 {[%emt 0:00:00]} Rxa3 {[%emt 0:00:01]} 47. h4 {[%emt 0:00:00]} Rb3 {[%emt 0:00:00]} 48. h5 {[%emt 0:00:00]} Kg7 {[%emt 0:00:01]} 49. Rg6+ {[%emt 0:00:01]} Kh7 {[%emt 0:00:01]} 50. Rg5 {[%emt 0:00:00]} Rxb4 {[%emt 0:00:00]} 51. Rxf5 {[%emt 0:00:00]} Kg7 {[%emt 0:00:01]} 52. h6+ {[%emt 0:00:00]} Kg6 {[%emt 0:00:01]} 53. Rc5 {[%emt 0:00:00]} Re4 {[%emt 0:00:01]} 54. Rc6+ {[%emt 0:00:00]} Kh7 {[%emt 0:00:01]} 55. Rc7+ {[%emt 0:00:00]} Kg6 {[%emt 0:00:00]} 56. h7 {[%emt 0:00:00]} Kf5 {[%emt 0:00:00]} 57. h8=Q {[%emt 0:00:02] Bardellosport abbandona (Lag: Av=0.59s, max=1.6s)} 1-0

[Event "Stay Safe Play From Home 313"]
[Site "Emanuel Lasker Arena"]
[Date "2020.07.19"]
[Round "2"]
[White "Rogan"]
[Black "Trotsky"]
[Result "1-0"]
[WhiteElo "2218"]
[BlackElo "1596"]
[PlyCount "27"]
[EventDate "2020.07.19"]
[EventType "swiss (blitz)"]

1. d4 {[%emt 0:00:04]} d5 {[%emt 0:00:01]} 2. c3 {[%emt 0:00:00]} e6 {[%emt 0:00:00]} 3. Nf3 {[%emt 0:00:02]} c5 {[%emt 0:00:01]} 4. Bg5 {[%emt 0:00:00]} f6 {[%emt 0:00:01]} 5. Bh4 {[%emt 0:00:01]} Nc6 {[%emt 0:00:01]} 6. e3 {[%emt 0:00:00]} Qc7 {[%emt 0:00:01]} 7. Bd3 {[%emt 0:00:01]} g5 {[%emt 0:00:01]} 8. Bg3 {[%emt 0:00:01]} Bd6 {[%emt 0:00:01]} 9. h4 {[%emt 0:00:01]} Bd7 {[%emt 0:00:02]} 10. Bxd6 {[%emt 0:00:01]} Qxd6 {[%emt 0:00:01]} 11. hxg5 {[%emt 0:00:00]} O-O-O {[%emt 0:00:02]} 12. g6 {[%emt 0:00:02]} h6 {[%emt 0:00:07]} 13. g7 {[%emt 0:00:01]} e5 {[%emt 0:00:08]} 14. gxh8=Q {[%emt 0:00:01] Trotsky Ñäàåòñÿ (Lag: Av=0.28s, max=0.4s)} 1-0

[Event "Stay Safe Play From Home 313"]
[Site "Emanuel Lasker Arena"]
[Date "2020.07.19"]
[Round "2"]
[White "Buzaglo"]
[Black "Haxhi Baha"]
[Result "0-1"]
[WhiteElo "1877"]
[BlackElo "1913"]
[PlyCount "62"]
[EventDate "2020.07.19"]
[EventType "swiss (blitz)"]

1. d4 {[%emt 0:00:01]} d5 {[%emt 0:00:01]} 2. Nf3 {[%emt 0:00:00]} e6 {[%emt 0:00:01]} 3. g3 {[%emt 0:00:00]} Bd6 {[%emt 0:00:01]} 4. Bg2 {[%emt 0:00:00]} Nf6 {[%emt 0:00:00]} 5. O-O {[%emt 0:00:00]} O-O {[%emt 0:00:01]} 6. Nbd2 {[%emt 0:00:00]} b6 {[%emt 0:00:01]} 7. c4 {[%emt 0:00:00]} c6 {[%emt 0:00:01]} 8. cxd5 {[%emt 0:00:00]} cxd5 {[%emt 0:00:01]} 9. Re1 {[%emt 0:00:00]} Bb7 {[%emt 0:00:00]} 10. Ne5 {[%emt 0:00:02]} Bxe5 {[%emt 0:00:02]} 11. dxe5 {[%emt 0:00:00]} Ne4 {[%emt 0:00:01]} 12. Nxe4 {[%emt 0:00:02]} dxe4 {[%emt 0:00:00]} 13. Qc2 {[%emt 0:00:01]} Qc8 {[%emt 0:00:05]} 14. Qa4 {[%emt 0:00:05]} Nc6 {[%emt 0:00:02]} 15. Bxe4 {[%emt 0:00:03]} Nxe5 {[%emt 0:00:01]} 16. Bxb7 {[%emt 0:00:01]} Qxb7 {[%emt 0:00:00]} 17. Bf4 {[%emt 0:00:05]} Ng6 {[%emt 0:00:01]} 18. Be3 {[%emt 0:00:01]} Rac8 {[%emt 0:00:01]} 19. Rac1 {[%emt 0:00:02]} h6 {[%emt 0:00:02]} 20. Qf4 {[%emt 0:00:04]} Nxf4 {[%emt 0:00:01]} 21. Bxf4 {[%emt 0:00:01]} Rxc1 {[%emt 0:00:01]} 22. Rxc1 {[%emt 0:00:00]} e5 {[%emt 0:00:01]} 23. Bxe5 {[%emt 0:00:03]} Qe4 {[%emt 0:00:01]} 24. Bf4 {[%emt 0:00:02]} Qxe2 {[%emt 0:00:01]} 25. Rc7 {[%emt 0:00:01]} Qxb2 {[%emt 0:00:01]} 26. Rxa7 {[%emt 0:00:02]} g5 {[%emt 0:00:01]} 27. Be3 {[%emt 0:00:01]} Qb1+ {[%emt 0:00:02]} 28. Kg2 {[%emt 0:00:01]} Qe4+ {[%emt 0:00:00]} 29. Kg1 {[%emt 0:00:01]} g4 {[%emt 0:00:01]} 30. Bxb6 {[%emt 0:00:03]} Rc8 {[%emt 0:00:02]} 31. Be3 {[%emt 0:00:03]} Rd8 {[%emt 0:00:01] Time (Lag: Av=0.90s, max=1.2s)} 0-1

[Event "Stay Safe Play From Home 313"]
[Site "Emanuel Lasker Arena"]
[Date "2020.07.19"]
[Round "2"]
[White "NeatFox"]
[Black "GIULIO19031975"]
[Result "1-0"]
[WhiteElo "1867"]
[BlackElo "1795"]
[Annotator "NA"]
[PlyCount "55"]
[EventDate "2020.07.19"]
[EventType "swiss (blitz)"]

1. g4 {[%emt 0:00:01]} c5 {[%emt 0:00:01]} 2. Bg2 {[%emt 0:00:00]} d5 {[%emt 0:00:01]} 3. c4 {[%emt 0:00:00]} dxc4 {[%emt 0:00:01]} 4. Qa4+ {[%emt 0:00:01]} Nd7 {[%emt 0:00:01]} 5. Qxc4 {[%emt 0:00:01]} Ngf6 {[%emt 0:00:01]} 6. Qxc5 {[%emt 0:00:01]} e5 {[%emt 0:00:01]} 7. Qc2 {[%emt 0:00:01]} Bd6 {[%emt 0:00:01]} 8. g5 {[%emt 0:00:01]} Ng4 {[%emt 0:00:01]} 9. h3 {[%emt 0:00:01]} Nxf2 {[%emt 0:00:01]} 10. Kxf2 {[%emt 0:00:01]} Qxg5 {[%emt 0:00:01]} 11. Nf3 {[%emt 0:00:01]} Qh6 {[%emt 0:00:02]} 12. d3 {[%emt 0:00:01]} O-O {[%emt 0:00:01]} 13. Bxh6 {[%emt 0:00:01]} gxh6 {[%emt 0:00:00]} 14. Rg1 {[%emt 0:00:01]} Kh8 {[%emt 0:00:01]} 15. Nh4 {[%emt 0:00:01]} Nf6 {[%emt 0:00:01]} 16. Be4 {[%emt 0:00:02]} Bd7 {[%emt 0:00:01]} 17. Nf5 {[%emt 0:00:01]} Rac8 {[%emt 0:00:01]} 18. Nxd6 {[%emt 0:00:01]} Rxc2 {[%emt 0:00:01]} 19. Nc3 {[%emt 0:00:03]} Rxb2 {[%emt 0:00:01]} 20. Rg2 {[%emt 0:00:03]} Nh5 {[%emt 0:00:01]} 21. Nd5 {[%emt 0:00:07]} Bxh3 {[%emt 0:00:01]} 22. Rh2 {[%emt 0:00:02]} Nf4 {[%emt 0:00:01]} 23. Nxf4 {[%emt 0:00:01]} exf4 {[%emt 0:00:01]} 24. Rxh3 {[%emt 0:00:00]} Kg7 {[%emt 0:00:03]} 25. Nf5+ {[%emt 0:00:01]} Kf6 {[%emt 0:00:01]} 26. Rxh6+ {[%emt 0:00:01]} Ke5 {[%emt 0:00:01]} 27. Rxh7 {[%emt 0:00:01]} f6 {[%emt 0:00:01]} 28. Re7# {[%emt 0:00:01] (Lag: Av=0.51s, max=0.7s)} 1-0